000 00302nam a2200121Ia 4500
008 240624s9999 xx 000 0 und d
041 _aeng
082 _a658.4012 RAY
100 _aRAY RAJESH
245 _aENTERPRISE RESOURCE PLANNING
260 _c2015
_aNew Delhi
_bTata McGraw-Hill
365 _cRS
_b33
999 _c25958
_d25958